Introduction to probability / (Record no. 208644)
[ view plain ]
| 000 -LEADER | |
|---|---|
| fixed length control field | 00724 a2200181 4500 |
| 003 - CONTROL NUMBER IDENTIFIER | |
| control field | Nust |
| 005 - DATE AND TIME OF LATEST TRANSACTION | |
| control field | 20240503074018.0 |
| 040 ## - CATALOGING SOURCE | |
| Transcribing agency | Nust |
| 082 ## - DEWEY DECIMAL CLASSIFICATION NUMBER | |
| Classification number | 519.2,BER |
| 100 ## - MAIN ENTRY--PERSONAL NAME | |
| Personal name | Bertsekas,Demitri P. |
| 9 (RLIN) | 122535 |
| 245 ## - TITLE STATEMENT | |
| Title | Introduction to probability / |
| Statement of responsibility, etc. | Demitri P Bertsekas, John N. Tsitsiklis |
| 260 ## - PUBLICATION, DISTRIBUTION, ETC. | |
| Place of publication, distribution, etc. | Cambridge |
| Name of publisher, distributor, etc. | Masachussets institute of technology |
| Date of publication, distribution, etc. | 2000 |
| 300 ## - PHYSICAL DESCRIPTION | |
| Extent | different pages |
| 505 ## - FORMATTED CONTENTS NOTE | |
| Formatted contents note | 1. Sample space and probability, 2. Discrete random variables, 3. General random variables, 4. Further topics on random variables and expectations 5. The bernoulli and poison processes, 6. Markov chains, 7. Limit theorems. |
| 600 ## - SUBJECT ADDED ENTRY--PERSONAL NAME | |
| Personal name | John N. Tsitsiklis |
| 9 (RLIN) | 122536 |
| 650 ## - SUBJECT ADDED ENTRY--TOPICAL TERM | |
| Topical term or geographic name entry element | Probability |
| 9 (RLIN) | 225 |
| 942 ## - ADDED ENTRY ELEMENTS (KOHA) | |
| Source of classification or shelving scheme | |
| Koha item type | Reference |
| Withdrawn status | Lost status | Source of classification or shelving scheme | Damaged status | Not for loan | Permanent Location | Current Location | Shelving location | Date acquired | Total Checkouts | Full call number | Barcode | Date last seen | Date last checked out | Price effective from | Koha item type | Public note |
|---|---|---|---|---|---|---|---|---|---|---|---|---|---|---|---|---|
| Military College of Signals (MCS) | Military College of Signals (MCS) | Reference | 12/12/2016 | 1 | 519.2,BER | MCS37054 | 05/03/2024 | 10/13/2023 | 12/12/2016 | Reference | Almirah No.19, Shelf No.4 |
